000 00452nam a2200157Ia 4500
008 240729s9999 xx 000 0 und d
022 _a2042-6313
245 0 _aJournal of Comparative Effectiveness Research
260 _aUnited Kingdom
260 _bBecaris Publishing Limited
650 _a Public aspects of medicine
650 _aMedicine
856 _uhttps://doaj.org/toc/0838baced26b483784e90c29c02edc77
942 _2ddc
942 _cDOAJEJ
999 _c68918
_d68918
945 _a1
_bMadushi Gamage
_c1
_dMadushi Gamage